European Countries in the Bottom 75 Worldwide - Statistics

General Stats
  • This quiz has been taken 150 times
  • The average score is 17 of 19
Answer Stats
Rank Population Country % Correct
196 800 Vatican City
99%
192 34 k San Marino
98%
191 38 k Liechtenstein
96%
187 77 k Andorra
95%
167 616 k Luxembourg
95%
171 440 k Malta
94%
190 39 k Monaco
94%
155 1.3 m Estonia
92%
175 339 k Iceland
91%
151 1.9 m Latvia
91%
142 2.7 m Lithuania
91%
148 2.09 m North Macedonia
90%
149 2.08 m Slovenia
89%
166 628 k Montenegro
87%
136 3.3 m Bosnia & Herzegovina
86%
140 2.9 m Albania
85%
131 4.1 m Croatia
83%
132 4.05 m Moldova
81%
124 4.8 m Ireland
78%
No matching quizzes found
Score Distribution
Percent of People with Each Score
Percentile by Number Answered
Your Score History
You have not taken this quiz